| 000 | 00000nam##2200000za#4500 |
| 001 | 9.572576 |
| 003 | CaOODSP |
| 005 | 20220111083114 |
| 007 | cr ||||||||||| |
| 008 | 150406|1999||||xxc|||||o f|0| 0 eng|d |
| 022 | |a1928-6414 |
| 040 | |aCaOODSP|beng |
| 043 | |an-cn--- |
| 086 | 1 |aNE22-1/1999-1E-PDF |
| 110 | 1 |aCanada. |bNational Energy Board. |
| 245 | 10|aReasons for decision in the matter of Maritimes & Northeast Pipeline Management Ltd. : |h[electronic resource]|bPoint Tupper lateral facilities application, as amended, dated 14 August 1998 |
| 246 | 1 |iVariant title : |aMaritimes & Northeast Pipeline Management Ltd. |
| 260 | |aCalgary - Alberta : |bNational Energy Board |cJanuary 1999. |
| 300 | |a66p.|bmap, tables |
| 490 | 1 |aReasons for decision|x1928-6414|vGH-4-98 |
| 500 | |aThe catalogue number (NE22-1/1999-1E) and ISBN (0-662-27495-4) for the print edition have been incorrectly copied in this electronic publication. |
| 590 | |a12-09-Supp|b2012-03-21 |
| 775 | 08|tMotifs de décision relativement à Maritimes & Northeast Pipeline Management Ltd. : |w(CaOODSP)9.602921 |
| 776 | 0#|tMaritimes & Northeast Pipeline Management Ltd. : |w(CaOODSP)9.614687 |
| 830 | #0|aReasons for decision (Canada. National Energy Board)|x1928-6414|vGH-4-98|w(CaOODSP)9.504480 |
| 856 | 40|ahttp://publications.gc.ca|qPDF|s342 KB|uhttps://publications.gc.ca/collections/Collection/NE22-1-1999-1E.pdf|yGH-4-98 |